000 00813nam a2200253Ia 4500
003 OSt
005 20220923212026.0
006 a|||||r|||| 00| 0
007 ta
008 220922b |||||||| |||| 00| 0 hin d
024 _a149,966
037 _cTextual
040 _aARTS
_cARTS
_bhin
041 _2hin
_ahin
082 _aU8.2.g7H, 152M2
100 _aविष्णु प्रभाकर
_9156271
245 0 _aज्योति पुंज हिमालय
246 _aJyoti puanja himālaya
260 _aनई दिल्ली
_b शब्दकार प्रकाशन
_c1982
300 _a178p
_ccm.
650 _aभारतीय-भूगोल
942 _hU8.2.g7H, 152M2
_cTEXL
_2CC
999 _c305646
_d305646